000 01624cab a22002655a 4500
001 L150729
008 100824e20100731xxk 000 0 eng d
035 _a(Sirsi) u150729
041 0 _aeng
100 1 _aDriscoll, James
245 0 0 _aValue judgement
260 _c2010
490 _aEstates Gazette
_v(1030) 31 July 2010, 54-56(3)
520 _aExplains how the provisions of Sched 13 of the Leasehold Reform Housing and Urban Development Act 1993 should be implemented when valuing intermediate leases. Refers to guidance outlined in "Nailrile Ltd v Cadogan and Ors" LRA/114/2006, 27 June 2008, one of five cojoined appeals from LVT considered together by the Upper Tribunal Lands Chamber. (see L147327 for summary and link to decision) regarding the interpretation of a minor intermediate leasehold interest. Discusses deferment rates for long term immediate leases and relativity. Refers to RICS Leasehold Reform: Graphs of Relativity (E148699). Worked eamples showing Diminution in value of landlord's interest and diminution in value of intermediate lease. See L150726 for Part 1 of series of two articles.
590 _aKA
650 2 4 _aNAILRILE LTD V EARL CADOGAN
650 2 4 _aEARL CADOGAN V SPORTELLI
650 2 4 _aLEASEHOLD REFORM, HOUSING AND URBAN DEVELOPMENT ACT 1993 PART I
650 2 4 _aZUCKERMAN V TRUSTEES OF CALTHORPE ESTATE
650 2 4 _aLEASEHOLD REFORM GRAPHS OF RELATIVITY
651 4 _aENGLAND AND WALES
690 _aPROPERTY-RESIDENTIAL PROPERTY-RESIDENTIAL LANDLORD AND TENANT-RESIDENTIAL LEASES-RESIDENTIAL LEASEHOLD ENFRANCHISEMENT
700 1 _aWilson, James
942 _n0
999 _c82621
_d82621